Role-based access control (E-BOOK) (Record no. 192266)

000 -LEADER
fixed length control field 01353 a2200253 4500
003 - CONTROL NUMBER IDENTIFIER
control field Nust
005 - DATE AND TIME OF LATEST TRANSACTION
control field 20170207154033.0
010 ## - LIBRARY OF CONGRESS CONTROL NUMBER
LC control number 2003041492
020 ## - INTERNATIONAL STANDARD BOOK NUMBER
International Standard Book Number 1580533701 (alk. paper)
040 ## - CATALOGING SOURCE
Transcribing agency Nust
082 00 - DEWEY DECIMAL CLASSIFICATION NUMBER
Classification number 005.8
100 1# - MAIN ENTRY--PERSONAL NAME
Personal name Ferraiolo, David.
245 10 - TITLE STATEMENT
Title Role-based access control (E-BOOK)
Statement of responsibility, etc. David F. Ferraiolo, D. Richard Kuhn, Ramaswamy Chandramouli.
260 ## - PUBLICATION, DISTRIBUTION, ETC.
Place of publication, distribution, etc. Boston :
Name of publisher, distributor, etc. Artech House,
Date of publication, distribution, etc. c2003.
300 ## - PHYSICAL DESCRIPTION
Extent xvii, 316 p. :
Other physical details ill. ;
Dimensions 24 cm.
440 #0 - SERIES STATEMENT/ADDED ENTRY--TITLE
Title Artech House computer security series
505 ## - FORMATTED CONTENTS NOTE
Formatted contents note 1 Introduction (Page-1) 2 Access Control Policy, Models, and Mechanisms—Concepts and Examples (Page-27) 3 Core RBAC Features(Page-51) 4 Role Hierarchies(Page-67) 5 So D and Constraints in RBAC Systems(Page-91) 6 RBAC, MAC, and DAC(Page-121) 7 NIST’s Proposed RBAC Standard(Page-141) 8 Role-Based Administration of RBAC(Page-155) 9 Enterprise Access Control Frameworks Using RBAC and X ML Technologies(Page-179) 10 Integrating RBAC with Enterprise IT Infrastructures(Page-211) 11 Migrating to RBAC—Case Study: Multiline Insurance Company(Page-255) 12 RBAC Features in Commercial Products(Page-265)
650 #0 - SUBJECT ADDED ENTRY--TOPICAL TERM
Topical term or geographic name entry element Computer networks
General subdivision Access control.
650 #0 - SUBJECT ADDED ENTRY--TOPICAL TERM
Topical term or geographic name entry element Computer security.
650 #0 - SUBJECT ADDED ENTRY--TOPICAL TERM
Topical term or geographic name entry element Computers
General subdivision Access control.
651 ## - SUBJECT ADDED ENTRY--GEOGRAPHIC NAME
Geographic name E-BOOK
700 1# - ADDED ENTRY--PERSONAL NAME
Personal name Chandramouli, Ramaswamy.
700 1# - ADDED ENTRY--PERSONAL NAME
Personal name Kuhn, D. Richard.
942 ## - ADDED ENTRY ELEMENTS (KOHA)
Source of classification or shelving scheme
Koha item type Book
Holdings
Withdrawn status Lost status Source of classification or shelving scheme Damaged status Not for loan Collection code Permanent Location Current Location Date acquired Total Checkouts Full call number Barcode Date last seen Price effective from Koha item type
            Military College of Signals (MCS) Military College of Signals (MCS) 12/12/2016   005.8 DAV MCSEB-1354 12/08/2016 12/12/2016 Book
© 2023 Central Library, National University of Sciences and Technology. All Rights Reserved.